[Event "Campeonato España Sub 18"]
[Site "Salobreña"]
[Date "2017.08.05"]
[Round "9"]
[White "Lopez Mulet, Inigo"]
[Black "Tarraga Navarro, Pablo"]
[Result "1-0"]
[Board "10"]
[WhiteClock "n/a"]
[WhiteTitle "FM"]
[WhiteElo "2327"]
[WhiteCountry "ESP"]
[WhiteFideId "22235620"]
[WhiteEloChange "3"]
[BlackClock "n/a"]
[BlackElo "2054"]
[BlackCountry "ESP"]
[BlackFideId "32041691"]
[BlackEloChange "-3"]

1. d4 {[%clk 1:30:30]} Nf6 {[%clk 1:30:30]} 2. c4 {[%clk 1:30:30]} b6 {[%clk
1:30:30]} 3. f3 {[%clk 1:30:30]} Nc6 {[%clk 1:30:30]} 4. Nc3 {[%clk 1:30:30]} Bb7
{[%clk 1:30:30]} 5. d5 {[%clk 1:30:30]} Ne5 {[%clk 1:30:30]} 6. e4 {[%clk
1:30:30]} e6 {[%clk 1:30:30]} 7. Be3 {[%clk 1:30:30]} Bd6 {[%clk 1:30:30]} 8. Qd2
{[%clk 1:30:30]} c6 {[%clk 1:30:30]} 9. dxe6 {[%clk 1:30:30]} dxe6 {[%clk
1:30:30]} 10. O-O-O {[%clk 1:30:30]} Bc7 {[%clk 1:30:30]} 11. Qf2 {[%clk
1:30:30]} Qe7 {[%clk 1:30:30]} 12. g4 {[%clk 1:30:30]} Qb4 {[%clk 1:30:30]} 13.
c5 {[%clk 1:30:30]} b5 {[%clk 1:30:30]} 14. h3 {[%clk 1:30:30]} Nfd7 {[%clk
1:30:30]} 15. f4 {[%clk 1:30:30]} Ng6 {[%clk 1:30:30]} 16. Nge2 {[%clk 1:30:30]}
Qa5 {[%clk 1:30:30]} 17. Nd4 {[%clk 1:30:30]} Bxf4 {[%clk 1:30:30]} 18. Bxf4
{[%clk 1:30:30]} Nxf4 {[%clk 1:30:30]} 19. Ndxb5 {[%clk 1:30:30]} cxb5 {[%clk
1:30:30]} 20. Bxb5 {[%clk 1:30:30]} O-O-O {[%clk 1:30:30]} 21. c6 {[%clk
1:30:30]} Bxc6 {[%clk 1:30:30]} 22. Bxc6 {[%clk 1:30:30]} Ne5 {[%clk 1:30:30]}
23. Qxf4 {[%clk 1:30:30]} Nd3+ {[%clk 1:30:30]} 24. Rxd3 {[%clk 1:30:30]} Rxd3
{[%clk 1:30:30]} 25. Rh2 {[%clk 1:30:30]} Rhd8 {[%clk 1:30:30]} 26. Rc2 {[%clk
1:30:30]} Qc7 {[%clk 1:30:30]} 27. Qxc7+ {[%clk 1:30:30]} Kxc7 {[%clk 1:30:30]}
28. Bb5 {[%clk 1:30:30]} Rxh3 {[%clk 1:30:30]} 29. b4 {[%clk 1:30:30]} Kb6 {[%clk
1:30:30]} 30. Be2 {[%clk 1:30:30]} Rd4 {[%clk 1:30:30]} 31. a3 {[%clk 1:30:30]}
a5 {[%clk 1:30:30]} 32. Na4+ {[%clk 1:30:30]} Kb7 {[%clk 1:30:30]} 33. Nc5+
{[%clk 1:30:30]} Kb6 {[%clk 1:30:30]} 34. b5 {[%clk 1:30:30]} Rxa3 {[%clk
1:30:30]} 35. Na6 {[%clk 1:30:30]} Re3 {[%clk 1:30:30]} 36. Rc6+ {[%clk 1:30:30]}
Ka7 {[%clk 1:30:30]} 37. b6+ {[%clk 1:30:30]} Kb7 {[%clk 1:30:30]} 38. Bb5 {[%clk
1:30:30]} Rd8 {[%clk 1:30:30]} 39. Nc5+ {[%clk 1:30:30]} Kb8 {[%clk 1:30:30]} 40.
Ba6 {[%clk 1:30:30]} Re1+ {[%clk 1:30:30]} 41. Kc2 {[%clk 1:30:30]} Red1 {[%clk
1:30:30]} 42. b7 {[%clk 1:30:30]} Ka7 {[%clk 1:30:30]} 43. Rc8 {[%clk 1:30:30]}
R8d2+ {[%clk 1:30:30]} 44. Kc3 {[%clk 1:30:30]} 1-0

[Event "Campeonato España Sub 18"]
[Site "Salobreña"]
[Date "2017.08.05"]
[Round "9"]
[White "Roldan Marques, Daniel"]
[Black "Castillo Dalmau, Albert"]
[Result "1/2-1/2"]
[Board "11"]
[WhiteTitle "FM"]
[WhiteElo "2300"]
[WhiteCountry "ESP"]
[WhiteFideId "32063318"]
[WhiteEloChange "-1"]
[BlackElo "2258"]
[BlackCountry "ESP"]
[BlackFideId "32009925"]
[BlackEloChange "1"]

1. d4 {[%clk 1:30:30]} Nf6 {[%clk 1:30:30]} 2. c4 {[%clk 1:30:30]} e6 {[%clk
1:30:30]} 3. g3 {[%clk 1:30:30]} Bb4+ {[%clk 1:30:30]} 4. Bd2 {[%clk 1:30:30]}
Qe7 {[%clk 1:30:30]} 5. Nf3 {[%clk 1:30:30]} Nc6 {[%clk 1:30:30]} 6. Nc3 {[%clk
1:30:30]} Bxc3 {[%clk 1:30:30]} 7. Bxc3 {[%clk 1:30:30]} Ne4 {[%clk 1:30:30]} 8.
Qc2 {[%clk 1:30:30]} Nxc3 {[%clk 1:30:30]} 9. Qxc3 {[%clk 1:30:30]} O-O {[%clk
1:30:30]} 10. Bg2 {[%clk 1:30:30]} d6 {[%clk 1:30:30]} 11. d5 {[%clk 1:30:30]}
Nd8 {[%clk 1:30:30]} 12. dxe6 {[%clk 1:30:30]} Nxe6 {[%clk 1:30:30]} 13. O-O
{[%clk 1:30:30]} Bd7 {[%clk 1:30:30]} 14. Nd4 {[%clk 1:30:30]} Nxd4 {[%clk
1:30:30]} 15. Qxd4 {[%clk 1:30:30]} Bc6 {[%clk 1:30:30]} 16. Bxc6 {[%clk
1:30:30]} bxc6 {[%clk 1:30:30]} 17. Qd2 {[%clk 1:30:30]} c5 {[%clk 1:30:30]} 18.
Rac1 {[%clk 1:30:30]} Rab8 {[%clk 1:30:30]} 19. Rc3 {[%clk 1:30:30]} Rb4 {[%clk
1:30:30]} 20. Rfc1 {[%clk 1:30:30]} Rfb8 {[%clk 1:30:30]} 21. R1c2 {[%clk
1:30:30]} Ra4 {[%clk 1:30:30]} 22. a3 {[%clk 1:30:30]} Ra6 {[%clk 1:30:30]} 23.
Re3 {[%clk 1:30:30]} Qd7 {[%clk 1:30:30]} 24. b4 {[%clk 1:30:30]} cxb4 {[%clk
1:30:30]} 25. axb4 {[%clk 1:30:30]} Rab6 {[%clk 1:30:30]} 26. b5 {[%clk 1:30:30]}
a6 {[%clk 1:30:30]} 27. bxa6 {[%clk 1:30:30]} Rxa6 {[%clk 1:30:30]} 28. Rb2
{[%clk 1:30:30]} Raa8 {[%clk 1:30:30]} 29. Ra3 {[%clk 1:30:30]} h6 {[%clk
1:30:30]} 30. c5 {[%clk 1:30:30]} Rd8 {[%clk 1:30:30]} 31. Rxa8 {[%clk 1:30:30]}
Rxa8 {[%clk 1:30:30]} 32. cxd6 {[%clk 1:30:30]} cxd6 {[%clk 1:30:30]} 33. Qd5
{[%clk 1:30:30]} Rd8 {[%clk 1:30:30]} 34. Rb7 {[%clk 1:30:30]} Qe8 {[%clk
1:30:30]} 35. h4 {[%clk 1:30:30]} Qf8 {[%clk 1:30:30]} 36. Qc6 {[%clk 1:30:30]}
Rc8 {[%clk 1:30:30]} 37. Qd7 {[%clk 1:30:30]} Rd8 {[%clk 1:30:30]} 38. Qc6 {[%clk
1:30:30]} Rc8 {[%clk 1:30:30]} 39. Qd7 {[%clk 1:30:30]} Rd8 {[%clk 1:30:30]} 40.
Qc6 {[%clk 1:30:30]} 1/2-1/2

[Event "Campeonato España Sub 18"]
[Site "Salobreña"]
[Date "2017.08.05"]
[Round "9"]
[White "Ortega Lopez, Mikel"]
[Black "Martinez Lopez, Carlos"]
[Result "0-1"]
[Board "12"]
[WhiteTitle "FM"]
[WhiteElo "2259"]
[WhiteCountry "ESP"]
[WhiteFideId "22252878"]
[WhiteEloChange "-16"]
[BlackElo "2034"]
[BlackCountry "ESP"]
[BlackFideId "32041659"]
[BlackEloChange "16"]

1. e4 {[%clk 1:30:30]} c5 {[%clk 1:30:30]} 2. Nf3 {[%clk 1:30:30]} d6 {[%clk
1:30:30]} 3. d4 {[%clk 1:30:30]} cxd4 {[%clk 1:30:30]} 4. Nxd4 {[%clk 1:30:30]}
Nf6 {[%clk 1:30:30]} 5. Nc3 {[%clk 1:30:30]} a6 {[%clk 1:30:30]} 6. Be3 {[%clk
1:30:30]} e5 {[%clk 1:30:30]} 7. Nb3 {[%clk 1:30:30]} Be6 {[%clk 1:30:30]} 8. f4
{[%clk 1:30:30]} exf4 {[%clk 1:30:30]} 9. Bxf4 {[%clk 1:30:30]} Nc6 {[%clk
1:30:30]} 10. Nd4 {[%clk 1:30:30]} Nxd4 {[%clk 1:30:30]} 11. Qxd4 {[%clk
1:30:30]} Be7 {[%clk 1:30:30]} 12. O-O-O {[%clk 1:30:30]} O-O {[%clk 1:30:30]}
13. a3 {[%clk 1:30:30]} Qa5 {[%clk 1:30:30]} 14. Bxd6 {[%clk 1:30:30]} Bxd6
{[%clk 1:30:30]} 15. Qxd6 {[%clk 1:30:30]} Rfd8 {[%clk 1:30:30]} 16. Qb4 {[%clk
1:30:30]} Qg5+ {[%clk 1:30:30]} 17. Kb1 {[%clk 1:30:30]} Rxd1+ {[%clk 1:30:30]}
18. Nxd1 {[%clk 1:30:30]} Rd8 {[%clk 1:30:30]} 19. Bd3 {[%clk 1:30:30]} Qxg2
{[%clk 1:30:30]} 20. Re1 {[%clk 1:30:30]} Qxh2 {[%clk 1:30:30]} 21. Qxb7 {[%clk
1:30:30]} Qe5 {[%clk 1:30:30]} 22. Qxa6 {[%clk 1:30:30]} Nxe4 {[%clk 1:30:30]}
23. Qb6 {[%clk 1:30:30]} Qd6 {[%clk 1:30:30]} 24. Qxd6 {[%clk 1:30:30]} Nxd6
{[%clk 1:30:30]} 25. a4 {[%clk 1:30:30]} h5 {[%clk 1:30:30]} 26. Rh1 {[%clk
1:30:30]} g6 {[%clk 1:30:30]} 27. Ne3 {[%clk 1:30:30]} Ra8 {[%clk 1:30:30]} 28.
b3 {[%clk 1:30:30]} Kg7 {[%clk 1:30:30]} 29. Kb2 {[%clk 1:30:30]} Kh6 {[%clk
1:30:30]} 30. c4 {[%clk 1:30:30]} g5 {[%clk 1:30:30]} 31. Kc3 {[%clk 1:30:30]} f5
{[%clk 1:30:30]} 32. c5 {[%clk 1:30:30]} f4 {[%clk 1:30:30]} 33. Nc2 {[%clk
1:30:30]} Nf5 {[%clk 1:30:30]} 34. Re1 {[%clk 1:30:30]} Ng7 {[%clk 1:30:30]} 35.
Re5 {[%clk 1:30:30]} g4 {[%clk 1:30:30]} 36. Nd4 {[%clk 1:30:30]} Bg8 {[%clk
1:30:30]} 37. c6 {[%clk 1:30:30]} f3 {[%clk 1:30:30]} 38. c7 {[%clk 1:30:30]} Rc8
{[%clk 1:30:30]} 39. Re7 {[%clk 1:30:30]} f2 {[%clk 1:30:30]} 40. Kd2 {[%clk
1:30:30]} h4 {[%clk 1:30:30]} 41. Ke2 {[%clk 1:30:30]} Rf8 {[%clk 1:30:30]} 42.
Kf1 {[%clk 1:30:30]} g3 {[%clk 1:30:30]} 43. Be4 {[%clk 1:30:30]} h3 {[%clk
1:30:30]} 44. Nf3 {[%clk 1:30:30]} Be6 {[%clk 1:30:30]} 45. a5 {[%clk 1:30:30]}
h2 {[%clk 1:30:30]} 46. Nxh2 {[%clk 1:30:30]} Bh3+ {[%clk 1:30:30]} 47. Bg2
{[%clk 1:30:30]} Bxg2+ {[%clk 1:30:30]} 48. Kxg2 {[%clk 1:30:30]} gxh2 {[%clk
1:30:30]} 49. c8Q {[%clk 1:30:30]} f1Q+ {[%clk 1:30:30]} 50. Kxh2 {[%clk
1:30:30]} Rxc8 {[%clk 1:30:30]} 0-1

[Event "Campeonato España Sub 18"]
[Site "Salobreña"]
[Date "2017.08.05"]
[Round "9"]
[White "Rottenwohrer Suarez, Juan"]
[Black "Martin Carmona, Gaston Manuel"]
[Result "1/2-1/2"]
[Board "13"]
[WhiteTitle "CM"]
[WhiteElo "2214"]
[WhiteCountry "ESP"]
[WhiteFideId "32068182"]
[BlackElo "2205"]
[BlackCountry "ESP"]
[BlackFideId "22284567"]

1. d4 {[%clk 1:30:30]} Nf6 {[%clk 1:30:30]} 2. c4 {[%clk 1:30:30]} c5 {[%clk
1:30:30]} 3. d5 {[%clk 1:30:30]} b5 {[%clk 1:30:30]} 4. cxb5 {[%clk 1:30:30]} a6
{[%clk 1:30:30]} 5. bxa6 {[%clk 1:30:30]} g6 {[%clk 1:30:30]} 6. Nc3 {[%clk
1:30:30]} Bg7 {[%clk 1:30:30]} 7. Nf3 {[%clk 1:30:30]} O-O {[%clk 1:30:30]} 8. e4
{[%clk 1:30:30]} Qa5 {[%clk 1:30:30]} 9. Bd2 {[%clk 1:30:30]} Bxa6 {[%clk
1:30:30]} 10. Bxa6 {[%clk 1:30:30]} Qxa6 {[%clk 1:30:30]} 11. Qe2 {[%clk
1:30:30]} e6 {[%clk 1:30:30]} 12. dxe6 {[%clk 1:30:30]} fxe6 {[%clk 1:30:30]} 13.
Qxa6 {[%clk 1:30:30]} Nxa6 {[%clk 1:30:30]} 14. Bg5 {[%clk 1:30:30]} Nb4 {[%clk
1:30:30]} 15. Kd2 {[%clk 1:30:30]} d5 {[%clk 1:30:30]} 16. exd5 {[%clk 1:30:30]}
exd5 {[%clk 1:30:30]} 17. a3 {[%clk 1:30:30]} Nc6 {[%clk 1:30:30]} 18. Rhe1
{[%clk 1:30:30]} Rfb8 {[%clk 1:30:30]} 19. Kc2 {[%clk 1:30:30]} Ne4 {[%clk
1:30:30]} 20. Be3 {[%clk 1:30:30]} Rxb2+ {[%clk 1:30:30]} 21. Kxb2 {[%clk
1:30:30]} Bxc3+ {[%clk 1:30:30]} 22. Kc2 {[%clk 1:30:30]} Bxe1 {[%clk 1:30:30]}
23. Nxe1 {[%clk 1:30:30]} d4 {[%clk 1:30:30]} 24. Bf4 {[%clk 1:30:30]} c4 {[%clk
1:30:30]} 25. f3 {[%clk 1:30:30]} Nc5 {[%clk 1:30:30]} 26. Bd6 {[%clk 1:30:30]}
Nb4+ {[%clk 1:30:30]} 27. axb4 {[%clk 1:30:30]} Rxa1 {[%clk 1:30:30]} 28. Bxc5
{[%clk 1:30:30]} Rxe1 {[%clk 1:30:30]} 29. Bxd4 {[%clk 1:30:30]} Kf7 {[%clk
1:30:30]} 30. Kc3 {[%clk 1:30:30]} Rc1+ {[%clk 1:30:30]} 31. Kd2 {[%clk 1:30:30]}
Rb1 {[%clk 1:30:30]} 32. Kc3 {[%clk 1:30:30]} Ke6 {[%clk 1:30:30]} 33. Kxc4
{[%clk 1:30:30]} Kd6 {[%clk 1:30:30]} 34. Bc5+ {[%clk 1:30:30]} Kc6 {[%clk
1:30:30]} 35. Kd3 {[%clk 1:30:30]} Rb2 {[%clk 1:30:30]} 36. g4 {[%clk 1:30:30]}
Rxh2 {[%clk 1:30:30]} 37. Ke4 {[%clk 1:30:30]} Rg2 {[%clk 1:30:30]} 38. Kf4
{[%clk 1:30:30]} h5 {[%clk 1:30:30]} 39. gxh5 {[%clk 1:30:30]} gxh5 {[%clk
1:30:30]} 40. Be7 {[%clk 1:30:30]} Kd7 {[%clk 1:30:30]} 41. Bh4 {[%clk 1:30:30]}
Ke6 {[%clk 1:30:30]} 42. Bd8 {[%clk 1:30:30]} Rd2 {[%clk 1:30:30]} 43. Bb6 {[%clk
1:30:30]} Rg2 {[%clk 1:30:30]} 44. Bd8 {[%clk 1:30:30]} Rg8 {[%clk 1:30:30]} 45.
Bh4 {[%clk 1:30:30]} Rg1 {[%clk 1:30:30]} 46. Bf2 {[%clk 1:30:30]} Rg2 {[%clk
1:30:30]} 47. Bh4 {[%clk 1:30:30]} Rb2 {[%clk 1:30:30]} 48. Be1 {[%clk 1:30:30]}
Rb1 {[%clk 1:30:30]} 49. Bd2 {[%clk 1:30:30]} Kf6 {[%clk 1:30:30]} 50. Kg3 {[%clk
1:30:30]} Kf5 {[%clk 1:30:30]} 51. Bc3 {[%clk 1:30:30]} Rb3 {[%clk 1:30:30]} 52.
Bd2 {[%clk 1:30:30]} Rb2 {[%clk 1:30:30]} 53. Bc3 {[%clk 1:30:30]} Rc2 {[%clk
1:30:30]} 54. Be1 {[%clk 1:30:30]} Kg5 {[%clk 1:30:30]} 55. Kh3 {[%clk 1:30:30]}
Re2 {[%clk 1:30:30]} 56. Bg3 {[%clk 1:30:30]} Rb2 {[%clk 1:30:30]} 57. Bd6 {[%clk
1:30:30]} Rb3 {[%clk 1:30:30]} 58. Kg3 {[%clk 1:30:30]} h4+ {[%clk 1:30:30]} 59.
Kg2 {[%clk 1:30:30]} Kh5 {[%clk 1:30:30]} 60. Be7 {[%clk 1:30:30]} Rb2+ {[%clk
1:30:30]} 61. Kh3 {[%clk 1:30:30]} Rf2 {[%clk 1:30:30]} 62. Bxh4 {[%clk 1:30:30]}
Rxf3+ {[%clk 1:30:30]} 63. Kg2 {[%clk 1:30:30]} Kg4 {[%clk 1:30:30]} 64. Be7
{[%clk 1:30:30]} Rf7 {[%clk 1:30:30]} 65. Bc5 {[%clk 1:30:30]} Rd7 {[%clk
1:30:30]} 66. Kf2 {[%clk 1:30:30]} Kf4 {[%clk 1:30:30]} 67. Ke2 {[%clk 1:30:30]}
Ke4 {[%clk 1:30:30]} 68. Bb6 {[%clk 1:30:30]} Rg7 {[%clk 1:30:30]} 69. Kd2 {[%clk
1:30:30]} Kd5 {[%clk 1:30:30]} 70. Bc5 {[%clk 1:30:30]} Kc4 {[%clk 1:30:30]} 71.
Ke3 {[%clk 1:30:30]} Rf7 {[%clk 1:30:30]} 72. Ke4 {[%clk 1:30:30]} Kb5 {[%clk
1:30:30]} 73. Kd5 {[%clk 1:30:30]} Rd7+ {[%clk 1:30:30]} 74. Ke5 {[%clk 1:30:30]}
Kc6 {[%clk 1:30:30]} 75. Ke4 {[%clk 1:30:30]} Rd1 {[%clk 1:30:30]} 76. Ke5 {[%clk
1:30:30]} Re1+ {[%clk 1:30:30]} 77. Kd4 {[%clk 1:30:30]} Re6 {[%clk 1:30:30]} 78.
Kc4 {[%clk 1:30:30]} Re4+ {[%clk 1:30:30]} 79. Kb3 {[%clk 1:30:30]} Kd5 {[%clk
1:30:30]} 80. Ka4 {[%clk 1:30:30]} Kc4 {[%clk 1:30:30]} 81. Ka5 {[%clk 1:30:30]}
Re6 {[%clk 1:30:30]} 82. Bf8 {[%clk 1:30:30]} Re8 {[%clk 1:30:30]} 83. Bc5 {[%clk
1:30:30]} Rb8 {[%clk 1:30:30]} 84. Ka6 {[%clk 1:30:30]} Kd5 {[%clk 1:30:30]} 85.
Ka7 {[%clk 1:30:30]} Rb5 {[%clk 1:30:30]} 86. Ka8 {[%clk 1:30:30]} Kc6 {[%clk
1:30:30]} 87. Ka7 {[%clk 1:30:30]} Rb7+ {[%clk 1:30:30]} 88. Ka8 {[%clk 1:30:30]}
Rh7 {[%clk 1:30:30]} 89. Ba7 {[%clk 1:30:30]} Kc7 {[%clk 1:30:30]} 90. Bb8+
{[%clk 1:30:30]} Kc8 {[%clk 1:30:30]} 91. b5 {[%clk 1:30:30]} 1/2-1/2

[Event "Campeonato España Sub 18"]
[Site "Salobreña"]
[Date "2017.08.05"]
[Round "9"]
[White "Ortin Blanco, Inigo"]
[Black "Garcia Martin, Marta"]
[Result "1-0"]
[Board "14"]
[WhiteElo "2090"]
[WhiteCountry "ESP"]
[WhiteFideId "32010125"]
[WhiteEloChange "18"]
[BlackTitle "FM"]
[BlackElo "2435"]
[BlackCountry "ESP"]
[BlackFideId "32084030"]
[BlackEloChange "-9"]

1. e4 {[%clk 1:30:30]} e5 {[%clk 1:30:30]} 2. Nf3 {[%clk 1:30:30]} Nc6 {[%clk
1:30:30]} 3. Nc3 {[%clk 1:30:30]} Nf6 {[%clk 1:30:30]} 4. d4 {[%clk 1:30:30]}
exd4 {[%clk 1:30:30]} 5. Nxd4 {[%clk 1:30:30]} Bc5 {[%clk 1:30:30]} 6. Nxc6
{[%clk 1:30:30]} bxc6 {[%clk 1:30:30]} 7. Bc4 {[%clk 1:30:30]} O-O {[%clk
1:30:30]} 8. O-O {[%clk 1:30:30]} Re8 {[%clk 1:30:30]} 9. Bg5 {[%clk 1:30:30]} h6
{[%clk 1:30:30]} 10. Bh4 {[%clk 1:30:30]} Rb8 {[%clk 1:30:30]} 11. Qf3 {[%clk
1:30:30]} Bd4 {[%clk 1:30:30]} 12. Rfe1 {[%clk 1:30:30]} Be5 {[%clk 1:30:30]} 13.
Bb3 {[%clk 1:30:30]} d6 {[%clk 1:30:30]} 14. Bg3 {[%clk 1:30:30]} Qe7 {[%clk
1:30:30]} 15. Bxe5 {[%clk 1:30:30]} Qxe5 {[%clk 1:30:30]} 16. Qg3 {[%clk
1:30:30]} Qc5 {[%clk 1:30:30]} 17. e5 {[%clk 1:30:30]} dxe5 {[%clk 1:30:30]} 18.
Ne4 {[%clk 1:30:30]} Nxe4 {[%clk 1:30:30]} 19. Rxe4 {[%clk 1:30:30]} Bf5 {[%clk
1:30:30]} 20. Rc4 {[%clk 1:30:30]} Qb5 {[%clk 1:30:30]} 21. Qc3 {[%clk 1:30:30]}
Bd7 {[%clk 1:30:30]} 22. Re1 {[%clk 1:30:30]} Rbd8 {[%clk 1:30:30]} 23. Rc5
{[%clk 1:30:30]} Qb6 {[%clk 1:30:30]} 24. Rcxe5 {[%clk 1:30:30]} Rxe5 {[%clk
1:30:30]} 25. Rxe5 {[%clk 1:30:30]} Be6 {[%clk 1:30:30]} 26. Bxe6 {[%clk
1:30:30]} fxe6 {[%clk 1:30:30]} 27. g3 {[%clk 1:30:30]} Rd1+ {[%clk 1:30:30]} 28.
Kg2 {[%clk 1:30:30]} Qa6 {[%clk 1:30:30]} 29. Rxe6 {[%clk 1:30:30]} Qf1+ {[%clk
1:30:30]} 30. Kf3 {[%clk 1:30:30]} Rd8 {[%clk 1:30:30]} 31. Re7 {[%clk 1:30:30]}
Qh1+ {[%clk 1:30:30]} 32. Ke2 {[%clk 1:30:30]} Qd1+ {[%clk 1:30:30]} 33. Ke3
{[%clk 1:30:30]} Qc1+ {[%clk 1:30:30]} 34. Kf3 {[%clk 1:30:30]} Qh1+ {[%clk
1:30:30]} 35. Ke2 {[%clk 1:30:30]} Qd1+ {[%clk 1:30:30]} 36. Ke3 {[%clk 1:30:30]}
Qg4 {[%clk 1:30:30]} 37. Qe5 {[%clk 1:30:30]} Rd6 {[%clk 1:30:30]} 38. Re8+
{[%clk 1:30:30]} Kh7 {[%clk 1:30:30]} 39. Qe4+ {[%clk 1:30:30]} Qxe4+ {[%clk
1:30:30]} 40. Rxe4 {[%clk 1:30:30]} Rd5 {[%clk 1:30:30]} 41. Ra4 {[%clk 1:30:30]}
Rc5 {[%clk 1:30:30]} 42. Kd3 {[%clk 1:30:30]} a5 {[%clk 1:30:30]} 43. Rc4 {[%clk
1:30:30]} Rh5 {[%clk 1:30:30]} 44. h4 {[%clk 1:30:30]} Rd5+ {[%clk 1:30:30]} 45.
Ke3 {[%clk 1:30:30]} Re5+ {[%clk 1:30:30]} 46. Kf3 {[%clk 1:30:30]} Rb5 {[%clk
1:30:30]} 47. b3 {[%clk 1:30:30]} Rb6 {[%clk 1:30:30]} 48. a4 {[%clk 1:30:30]}
Kg6 {[%clk 1:30:30]} 49. Rc5 {[%clk 1:30:30]} Ra6 {[%clk 1:30:30]} 50. Ke4 {[%clk
1:30:30]} Kf6 {[%clk 1:30:30]} 51. Re5 {[%clk 1:30:30]} Ra8 {[%clk 1:30:30]} 52.
f4 {[%clk 1:30:30]} Kf7 {[%clk 1:30:30]} 53. Rc5 {[%clk 1:30:30]} Ra6 {[%clk
1:30:30]} 54. Ke5 {[%clk 1:30:30]} Ke7 {[%clk 1:30:30]} 55. Kf5 {[%clk 1:30:30]}
Kf7 {[%clk 1:30:30]} 56. h5 {[%clk 1:30:30]} 1-0

[Event "Campeonato España Sub 18"]
[Site "Salobreña"]
[Date "2017.08.05"]
[Round "9"]
[White "Goni Navarro, Pablo"]
[Black "Rodriguez Izquierdo, Luis"]
[Result "1/2-1/2"]
[Board "15"]
[WhiteElo "2197"]
[WhiteCountry "ESP"]
[WhiteFideId "22295720"]
[WhiteEloChange "-3"]
[BlackElo "2088"]
[BlackCountry "ESP"]
[BlackFideId "32051603"]
[BlackEloChange "3"]

1. c4 {[%clk 1:30:30]} e5 {[%clk 1:30:30]} 2. g3 {[%clk 1:30:30]} Nf6 {[%clk
1:30:30]} 3. Bg2 {[%clk 1:30:30]} d5 {[%clk 1:30:30]} 4. cxd5 {[%clk 1:30:30]}
Nxd5 {[%clk 1:30:30]} 5. Nc3 {[%clk 1:30:30]} Nb6 {[%clk 1:30:30]} 6. Nf3 {[%clk
1:30:30]} Nc6 {[%clk 1:30:30]} 7. O-O {[%clk 1:30:30]} Be7 {[%clk 1:30:30]} 8. d3
{[%clk 1:30:30]} O-O {[%clk 1:30:30]} 9. b3 {[%clk 1:30:30]} Be6 {[%clk 1:30:30]}
10. Bb2 {[%clk 1:30:30]} f6 {[%clk 1:30:30]} 11. Rc1 {[%clk 1:30:30]} Qd7 {[%clk
1:30:30]} 12. Re1 {[%clk 1:30:30]} Rfd8 {[%clk 1:30:30]} 13. Ne4 {[%clk 1:30:30]}
a5 {[%clk 1:30:30]} 14. a4 {[%clk 1:30:30]} Rac8 {[%clk 1:30:30]} 15. Nfd2 {[%clk
1:30:30]} Nd5 {[%clk 1:30:30]} 16. Nc5 {[%clk 1:30:30]} Bxc5 {[%clk 1:30:30]} 17.
Rxc5 {[%clk 1:30:30]} b6 {[%clk 1:30:30]} 18. Rc1 {[%clk 1:30:30]} Ndb4 {[%clk
1:30:30]} 19. Ba3 {[%clk 1:30:30]} Bd5 {[%clk 1:30:30]} 20. Bxd5+ {[%clk
1:30:30]} Qxd5 {[%clk 1:30:30]} 21. Rc4 {[%clk 1:30:30]} Na6 {[%clk 1:30:30]} 22.
Ne4 {[%clk 1:30:30]} Ncb4 {[%clk 1:30:30]} 23. Qc1 {[%clk 1:30:30]} c5 {[%clk
1:30:30]} 24. Nc3 {[%clk 1:30:30]} Qe6 {[%clk 1:30:30]} 25. Nb5 {[%clk 1:30:30]}
Rd7 {[%clk 1:30:30]} 26. Qb2 {[%clk 1:30:30]} Rcd8 {[%clk 1:30:30]} 27. Qc1
{[%clk 1:30:30]} Nc6 {[%clk 1:30:30]} 28. Bb2 {[%clk 1:30:30]} Nab4 {[%clk
1:30:30]} 29. Bc3 {[%clk 1:30:30]} Na2 {[%clk 1:30:30]} 30. Qb2 {[%clk 1:30:30]}
Nxc3 {[%clk 1:30:30]} 1/2-1/2

[Event "Campeonato España Sub 18"]
[Site "Salobreña"]
[Date "2017.08.05"]
[Round "9"]
[White "Motos Abellan, Daniel"]
[Black "Gomez Sanjuan, Hector Fernando"]
[Result "1/2-1/2"]
[Board "16"]
[WhiteElo "2071"]
[WhiteCountry "ESP"]
[WhiteFideId "32016450"]
[WhiteEloChange "3"]
[BlackElo "2189"]
[BlackCountry "ESP"]
[BlackFideId "22274960"]
[BlackEloChange "-3"]

1. e4 {[%clk 1:30:30]} c5 {[%clk 1:30:30]} 2. c4 {[%clk 1:30:30]} Nc6 {[%clk
1:30:30]} 3. Nc3 {[%clk 1:30:30]} g6 {[%clk 1:30:30]} 4. g3 {[%clk 1:30:30]} Bg7
{[%clk 1:30:30]} 5. Bg2 {[%clk 1:30:30]} d6 {[%clk 1:30:30]} 6. d3 {[%clk
1:30:30]} Nf6 {[%clk 1:30:30]} 7. Nge2 {[%clk 1:30:30]} Rb8 {[%clk 1:30:30]} 8.
O-O {[%clk 1:30:30]} a6 {[%clk 1:30:30]} 9. a4 {[%clk 1:30:30]} O-O {[%clk
1:30:30]} 10. Rb1 {[%clk 1:30:30]} Bd7 {[%clk 1:30:30]} 11. h3 {[%clk 1:30:30]}
Ne8 {[%clk 1:30:30]} 12. Be3 {[%clk 1:30:30]} Nc7 {[%clk 1:30:30]} 13. d4 {[%clk
1:30:30]} cxd4 {[%clk 1:30:30]} 14. Nxd4 {[%clk 1:30:30]} Ne6 {[%clk 1:30:30]}
15. Nxe6 {[%clk 1:30:30]} Bxe6 {[%clk 1:30:30]} 16. Nd5 {[%clk 1:30:30]} Ne5
{[%clk 1:30:30]} 17. Bd4 {[%clk 1:30:30]} Bxd5 {[%clk 1:30:30]} 18. cxd5 {[%clk
1:30:30]} b5 {[%clk 1:30:30]} 19. b4 {[%clk 1:30:30]} Rc8 {[%clk 1:30:30]} 20. f4
{[%clk 1:30:30]} Nd7 {[%clk 1:30:30]} 21. Bxg7 {[%clk 1:30:30]} Kxg7 {[%clk
1:30:30]} 22. Qd4+ {[%clk 1:30:30]} Kg8 {[%clk 1:30:30]} 23. axb5 {[%clk
1:30:30]} axb5 {[%clk 1:30:30]} 24. Rfc1 {[%clk 1:30:30]} Qb6 {[%clk 1:30:30]}
25. Qxb6 {[%clk 1:30:30]} Nxb6 {[%clk 1:30:30]} 26. Bf1 {[%clk 1:30:30]} Nc4
{[%clk 1:30:30]} 27. Bd3 {[%clk 1:30:30]} Nd2 {[%clk 1:30:30]} 28. Rxc8 {[%clk
1:30:30]} Rxc8 {[%clk 1:30:30]} 29. Rd1 {[%clk 1:30:30]} Nc4 {[%clk 1:30:30]} 30.
Rc1 {[%clk 1:30:30]} Kf8 {[%clk 1:30:30]} 31. Kf2 {[%clk 1:30:30]} Ke8 {[%clk
1:30:30]} 32. Ke2 {[%clk 1:30:30]} Kd7 {[%clk 1:30:30]} 33. Bxc4 {[%clk 1:30:30]}
bxc4 {[%clk 1:30:30]} 34. Kd2 {[%clk 1:30:30]} Ra8 {[%clk 1:30:30]} 35. Rxc4
{[%clk 1:30:30]} Ra2+ {[%clk 1:30:30]} 36. Rc2 {[%clk 1:30:30]} Ra4 {[%clk
1:30:30]} 37. Rc4 {[%clk 1:30:30]} Ra2+ {[%clk 1:30:30]} 38. Ke3 {[%clk 1:30:30]}
Ra3+ {[%clk 1:30:30]} 39. Kf2 {[%clk 1:30:30]} h5 {[%clk 1:30:30]} 40. h4 {[%clk
1:30:30]} Rb3 {[%clk 1:30:30]} 41. f5 {[%clk 1:30:30]} Kd8 {[%clk 1:30:30]} 42.
fxg6 {[%clk 1:30:30]} fxg6 {[%clk 1:30:30]} 43. Rc6 {[%clk 1:30:30]} Rxb4 {[%clk
1:30:30]} 44. e5 {[%clk 1:30:30]} Rd4 {[%clk 1:30:30]} 45. exd6 {[%clk 1:30:30]}
Rxd5 {[%clk 1:30:30]} 46. dxe7+ {[%clk 1:30:30]} Kxe7 {[%clk 1:30:30]} 47. Rxg6
{[%clk 1:30:30]} Kf7 {[%clk 1:30:30]} 48. Rh6 {[%clk 1:30:30]} Kg7 {[%clk
1:30:30]} 49. Re6 {[%clk 1:30:30]} Rd3 {[%clk 1:30:30]} 50. Re3 {[%clk 1:30:30]}
Rxe3 {[%clk 1:30:30]} 51. Kxe3 {[%clk 1:30:30]} Kf7 {[%clk 1:30:30]} 52. Kf3
{[%clk 1:30:30]} Ke7 {[%clk 1:30:30]} 53. Ke3 {[%clk 1:30:30]} Kf7 {[%clk
1:30:30]} 54. Kd4 {[%clk 1:30:30]} Kf6 {[%clk 1:30:30]} 55. Ke4 {[%clk 1:30:30]}
Ke6 {[%clk 1:30:30]} 56. Kf4 {[%clk 1:30:30]} Kf6 {[%clk 1:30:30]} 57. Ke4 {[%clk
1:30:30]} Ke6 {[%clk 1:30:30]} 1/2-1/2